=LDR 00000nam 2200000 4500 =001 INLIS000000000001012 =005 20230317093004 =035 ##$$a 0010-0323000135 =007 ta =008 230317################g##########0#eng## =082 ##$$a 612.6 =084 ##$$a 612.6 UNI a =245 1#$$a Assessment of acceptance and effectiveness of family planning methods /$c United Nations =260 ##$$a Bangkok :$b United Nations,$c 1968 =300 ##$$a iii, 69 halaman ; $c 23 cm =650 #4$$a keluarga berencana =110 2#$$a United Nations